[Event "29th Muensterland Open"]
[Site "Senden GER"]
[Date "2011.10.26"]
[Round "7.6"]
[White "Sundorf,Jannik"]
[Black "Podzielny,KH"]
[Result "0-1"]
[WhiteElo "2146"]
[BlackElo "2470"]

1.d4 g6 2.c4 Bg7 3.Nf3 Nf6 4.g3 O-O 5.Bg2 d6 6.O-O c6 7.Nc3 Bf5 8.Ne1 e5
9.d5 cxd5 10.cxd5 Na6 11.e4 Bd7 12.Nd3 Qa5 13.Bd2 Rfc8 14.Rc1 Qd8 15.Qb3 Qb6
16.h3 Nc5 17.Nxc5 dxc5 18.Be3 Ne8 19.Qc2 Nd6 20.b3 Qa5 21.Rfd1 b5 22.Bf1 c4
23.f3 b4 24.Nb1 cxb3 25.Qxb3 Ba4  0-1

[Event "19th Skopje Open"]
[Site "Skopje MKD"]
[Date "2011.10.26"]
[Round "3"]
[White "Colovic,A"]
[Black "Georgiev,Vl"]
[Result "1/2-1/2"]
[WhiteElo "2451"]
[BlackElo "2574"]

1.d4 Nf6 2.c4 d6 3.Nf3 g6 4.g3 Bg7 5.Bg2 O-O 6.Nc3 c6 7.O-O Qa5 8.Qd2 Qh5
9.Qg5 Qxg5 10.Bxg5 Re8 11.Rfd1 h6 12.Be3 Bf5 13.h3 Ne4 14.Rac1 Nxc3 15.Rxc3 Be4
16.Ne1 Bxg2 17.Kxg2 Nd7 18.Rb3 b6 19.Nd3 Rec8 20.a4 Rab8 21.Nb4 a5 22.Nd3 Rd8
23.g4 e6 24.f3 Rbc8 25.Rc1 Rb8 26.Rd1 Re8 27.Bf2 Rbd8 28.Kf1 Bf8 29.Rc1 Rb8
30.Bg3 e5 31.e3 exd4 32.exd4 Re3 33.Kf2 Rbe8 34.Re1 Rxe1 35.Nxe1 f6  1/2-1/2

[Event "6th Kavalier Open"]
[Site "Vienna AUT"]
[Date "2011.10.26"]
[Round "3"]
[White "Paseka,C"]
[Black "Gratze,M"]
[Result "0-1"]
[WhiteElo "1752"]
[BlackElo "1998"]

1.d4 Nf6 2.c4 g6 3.Nf3 Bg7 4.g3 O-O 5.Bg2 d6 6.O-O Nbd7 7.Nc3 e5 8.h3 a6
9.a4 exd4 10.Nxd4 Ne5 11.b3 c5 12.Nc2 Be6 13.Bf4 Nh5 14.Bd2 Qd7 15.Kh2 f5
16.f4 Nc6 17.Rc1 Nf6 18.Nd5 Bxd5 19.cxd5 Ne7 20.Bc3 Ng4+ 21.hxg4 Bxc3 22.Qd3 Bg7
23.gxf5 Nxf5 24.e4 Nh6 25.Bh3 Ng4+ 26.Bxg4 Qxg4 27.Qf3 Qd7 28.Rce1 b5 29.f5 bxa4
30.bxa4 Qxa4 31.Ne3 Rae8 32.Ng4 h5 33.Nf2 Be5 34.Ra1 Bxa1 35.Rxa1 Qxa1 36.f6 Qxf6  0-1

[Event "Chinese League"]
[Site "Qingdao CHN"]
[Date "2011.10.28"]
[Round "15"]
[White "Wang Xiaohui"]
[Black "Ju Wenjun"]
[Result "0-1"]
[WhiteElo "2218"]
[BlackElo "2519"]

1.d4 Nf6 2.c4 g6 3.g3 Bg7 4.Bg2 O-O 5.Nf3 d6 6.O-O c6 7.Nc3 Qa5 8.e4 e5 9.h3 Nbd7
10.Re1 exd4 11.Nxd4 Ne5 12.Bf1 Qb6 13.Nc2 Be6 14.b3 Nfd7 15.Na4 Qa5 16.Nd4 Nc5
17.Bd2 Qd8 18.Nxc5 dxc5 19.Nxe6 fxe6 20.Bf4 Qxd1 21.Rexd1 Nf3+ 22.Kg2 Bxa1
23.Rxa1 Rad8 24.Kxf3 g5 25.Ke3 gxf4+ 26.gxf4 Rd7 27.Be2 Rfd8 28.Rg1+ Kf8
29.Rg5 Rd2 30.f5 h6 31.Rh5 exf5 32.Rxf5+ Ke7 33.Re5+ Kf8 34.Rf5+ Kg7 35.e5 Rxa2
36.Bh5 Rd7 37.Rf6 Rb2 38.f4 Rxb3+ 39.Ke4 Rxh3 40.Bg4 Rd4+ 41.Kf5 Rh1 42.Rg6+ Kh7
43.Rf6 h5 44.Rf7+ Kg8 45.Ke6 hxg4 46.f5 g3 47.f6 Rd6+  0-1

[Event "19th Skopje Open"]
[Site "Skopje MKD"]
[Date "2011.10.28"]
[Round "5"]
[White "Miron,L"]
[Black "Markus,Rob"]
[Result "1/2-1/2"]
[WhiteElo "2514"]
[BlackElo "2635"]

1.d4 Nf6 2.c4 g6 3.Nf3 Bg7 4.g3 O-O 5.Bg2 d6 6.Nc3 Nbd7 7.O-O e5 8.e4 c6
9.h3 Qb6 10.Re1 exd4 11.Nxd4 Re8 12.Re2 Qb4 13.Rc2 Nc5 14.Bd2 Qb6 15.Be3 Qc7
16.f3 a6 17.Qd2 b6 18.Rd1 Bb7 19.b4 Ncd7 20.Nb3 Bf8 21.Qf2 Rad8 22.a4 Qb8
23.g4 h6 24.h4 c5 25.b5 axb5 26.axb5 Ne5 27.g5 Nxc4 28.gxf6 Nxe3 29.Qxe3 d5
30.Qf2 d4 31.Na4 Bd6 32.Rxd4 Bh2+ 33.Kh1 Rxd4 34.Nxd4 Bg3 35.Qe3 Bf4 36.Qf2 Bg3
37.Qe3 Bf4 38.Qf2 Bg3 39.Qe3  1/2-1/2

[Event "19th Skopje Open"]
[Site "Skopje MKD"]
[Date "2011.10.29"]
[Round "6"]
[White "Vasovski,N"]
[Black "Mitkovski,Z"]
[Result "0-1"]
[WhiteElo "2299"]
[BlackElo "2174"]

1.d4 Nf6 2.c4 g6 3.Nf3 Bg7 4.g3 O-O 5.Bg2 d6 6.O-O Nbd7 7.Nc3 c6 8.e4 Qc7
9.h3 Re8 10.Be3 a6 11.c5 Bf8 12.Qc2 dxc5 13.dxc5 e5 14.Na4 Rb8 15.Rfd1 h6
16.Rac1 Nh5 17.Nd2 Ndf6 18.Nc4 Be6 19.Nd6 Red8 20.Nb6 Nd7 21.b4 Nxb6 22.cxb6 Qe7
23.Bc5 Qf6 24.Rd2 Bxh3 25.Bxh3 Bxd6 26.Rcd1 Bxc5 27.bxc5 Rd4 28.Rxd4 exd4
29.Qd2 Rd8 30.Qxh6 Qe5 31.Qc1 Qxe4 32.Qg5 Rd5 33.Qc1 Qe5 34.Qd2 Rd8 35.Rc1 Nf6
36.Bg2 d3 37.Bf1 Ne4 38.Qe3 d2 39.Rd1 Qd4  0-1

[Event "TCh-HUN 2011-12"]
[Site "Budapest HUN"]
[Date "2011.10.30"]
[Round "2"]
[White "Juhasz,Kr"]
[Black "Zsinka,L"]
[Result "1/2-1/2"]
[WhiteElo "2357"]
[BlackElo "2286"]

1.c4 g6 2.d4 Bg7 3.Nf3 d6 4.g3 Nf6 5.Bg2 O-O 6.O-O Nc6 7.Nc3 Bg4 8.d5 Na5
9.Nd2 c5 10.Qc2 a6 11.h3 Bd7 12.b3 b5 13.Bb2 Rb8 14.Rab1 e5 15.dxe6 Bxe6
16.cxb5 axb5 17.Rfd1 Qe7 18.Nce4 Nb7 19.Nxf6+ Bxf6 20.Bxf6 Qxf6 21.Bxb7 Rxb7
22.Ne4 Qe7 23.Nxd6 Rd7 24.Ne4 Rxd1+ 25.Rxd1 Bf5 26.f3 Rc8 27.g4 Bxe4 28.Qxe4 Qxe4
29.fxe4 c4 30.Rc1 c3 31.b4 Rc4 32.a3 c2 33.Kf2 Rc3 34.e3 Rxa3 35.Rxc2 Rb3
36.Rc8+ Kg7 37.e5 Rxb4 38.Rb8  1/2-1/2

[Event "8th Lippe Cup"]
[Site "Lieme GER"]
[Date "2011.10.30"]
[Round "5.10"]
[White "Friesen,Viktor"]
[Black "Schmitz,Philipp"]
[Result "0-1"]
[WhiteElo "2096"]
[BlackElo "1972"]

1.Nf3 Nf6 2.d4 g6 3.g3 Bg7 4.Bg2 O-O 5.c4 d6 6.O-O Nc6 7.Nc3 a6 8.e4 Bg4
9.h3 Bxf3 10.Bxf3 e5 11.d5 Nd4 12.Bg2 c5 13.Be3 Qa5 14.Kh2 Rfb8 15.f4 Nd7
16.f5 Qb4 17.fxg6 fxg6 18.Rf2 Nb6 19.Qg4 Nxc4 20.Bg5 Rf8 21.Raf1 Nxb2 22.Ne2 Rxf2
23.Rxf2 Qe1 24.Nxd4 Qxf2 25.Ne6 Nd3 26.Nxg7 Kxg7 27.Qd7+ Qf7 28.Bh6+ Kg8
29.Qxd6 c4 30.h4 c3 31.Bh3 Qf2+ 32.Kh1 c2 33.Be6+ Kh8 34.Qc7 c1=Q+ 35.Bxc1 Qe1+
36.Kh2 Qxc1 37.Qf7 Qd2+ 38.Kg1 Qe1+ 39.Kg2 Qf2+ 40.Qxf2 Nxf2 41.Kxf2 Kg7
42.Ke3 Kf6 43.Kd3 Ke7 44.g4 Rf8 45.Kc4 Kd6 46.h5 gxh5 47.gxh5 Rf2 48.a4 Rb2
49.Bf5 h6 50.Bg6 b5+ 51.axb5 axb5+ 52.Kc3 Rb1 53.Be8 Kc5 54.Bg6 Re1 55.Kd2 Rg1
56.Bf5 b4 57.Kc2 Rg3 58.Be6 b3+ 59.Kb2 Kb4 60.d6 Rg2+ 61.Kc1 Kc3 62.Kd1 Rd2+  0-1

[Event "19th Skopje Open"]
[Site "Skopje MKD"]
[Date "2011.10.30"]
[Round "7"]
[White "Vasovski,N"]
[Black "Kacakovski,D"]
[Result "1-0"]
[WhiteElo "2299"]
[BlackElo "2157"]

1.d4 Nf6 2.c4 g6 3.Nf3 Bg7 4.g3 O-O 5.Bg2 d6 6.O-O Nc6 7.b3 e5 8.dxe5 dxe5
9.Bb2 e4 10.Nd4 e3 11.f4 Nxd4 12.Bxd4 Qe7 13.Qc1 Re8 14.Nc3 c6 15.Nd1 Bf5
16.Nxe3 Ng4 17.Nxf5 gxf5 18.Bxg7 Kxg7 19.Qc3+ Kg8 20.Bf3 Ne3 21.Rfc1 a5 22.a3 Qe6
23.Qd4 a4 24.b4 Rad8 25.Qc5 Rd2 26.b5 Rc8 27.bxc6 bxc6 28.h3 Rb8 29.Kf2 Rb3
30.Qe5 Qd7 31.g4 fxg4 32.Qg5+ Kh8 33.hxg4 Qd4 34.Kg3 Rxe2 35.Rh1 Nf5+ 36.gxf5 Qf2+
37.Kg4 Qxf3+ 38.Kh4 Qf2+ 39.Kh5 Rg3 40.Qd8+ Rg8 41.Qf6+ Rg7 42.Rh4 Re8 43.Kh6 Qg3
44.Rd1 Kg8 45.Rd8  1-0

[Event "World Youth U16 Ol"]
[Site "Kocaeli TUR"]
[Date "2011.10.31"]
[Round "10.1"]
[White "Dubov,Danii"]
[Black "Balacek,T"]
[Result "1-0"]
[WhiteElo "2501"]
[BlackElo "2245"]

1.d4 Nf6 2.c4 g6 3.g3 Bg7 4.Bg2 O-O 5.Nf3 d6 6.O-O Nbd7 7.Nc3 e5 8.e4 c6
9.h3 Qb6 10.c5 dxc5 11.dxe5 Ne8 12.e6 fxe6 13.Ng5 Ne5 14.f4 Nf7 15.Nxf7 Bd4+
16.Kh2 Rxf7 17.e5 Nc7 18.Ne4 Nd5 19.h4 Qd8 20.h5 Qf8 21.Ng5 Re7 22.Bf3 b6
23.hxg6 hxg6 24.Be4 Ba6 25.Rh1 Bxe5 26.fxe5 Qf2+ 27.Bg2 Kg7 28.Nh3 Rh8 29.Bg5 Rf7
30.Qd2 Qxd2 31.Bxd2 Rf2 32.Rad1 Be2 33.Kg1 Rf5 34.Re1 Bc4 35.b3 Bb5 36.Ng5 Rxh1+
37.Bxh1 Nc7 38.Bf4  1-0

[Event "6th Kavalier Open"]
[Site "Vienna AUT"]
[Date "2011.11.01"]
[Round "7"]
[White "Hirsch,Ad"]
[Black "Gratze,M"]
[Result "0-1"]
[WhiteElo "2065"]
[BlackElo "1998"]

1.Nf3 g6 2.g3 Bg7 3.d4 Nf6 4.Bg2 O-O 5.c4 d6 6.O-O Nbd7 7.Qc2 e5 8.Rd1 Qe7
9.b3 exd4 10.Nxd4 Nc5 11.Nc3 a5 12.Rb1 Re8 13.f3 c6 14.e4 Rd8 15.a3 Ne6 16.Be3 Nxd4
17.Bxd4 Be6 18.Ne2 d5 19.Nf4 dxe4 20.Nxe6 Qxe6 21.fxe4 Ng4 22.Bxg7 Kxg7 23.Rxd8 Rxd8
24.h3 Ne5 25.Rd1 Rxd1+ 26.Qxd1 Qd7 27.Qxd7 Nxd7 28.Kf1 Kf6 29.Ke2 Ke5 30.Ke3 Nc5
31.b4 Nb3 32.c5 Nd4 33.Bf1 axb4 34.axb4 Nc2+ 35.Kd3 Nxb4+ 36.Kc4 Na6 37.Bd3 f6
38.Bc2 Nc7 39.h4 Nb5 40.Ba4 Kxe4 41.h5 gxh5 42.Bc2+ Kf3 43.Bxh7 Kxg3 44.Bf5 h4
45.Bc8 Na7 46.Bf5 h3 47.Be4 h2 48.Kb4 f5 49.Bh1 f4 50.Ka5 Nc8  0-1

[Event "38th ch-IND w 2011"]
[Site "Chennai IND"]
[Date "2011.11.02"]
[Round "5"]
[White "Karavade,E"]
[Black "Meera,S"]
[Result "1/2-1/2"]
[WhiteElo "2348"]
[BlackElo "2117"]

1.d4 Nf6 2.c4 g6 3.Nf3 Bg7 4.g3 d6 5.Bg2 O-O 6.O-O c6 7.Nc3 Qa5 8.e4 Bg4
9.h3 Bxf3 10.Bxf3 e5 11.d5 c5 12.Be3 Nbd7 13.Rb1 a6 14.a3 Qc7 15.Be2 Kh8
16.Qd2 Ng8 17.Bd3 f5 18.exf5 gxf5 19.f4 Rae8 20.Kh2 Ne7 21.Rbe1 Ng6 22.Qc2 exf4
23.gxf4 Nh4 24.Qf2 Bf6 25.Bd2 Rxe1 26.Rxe1 Rg8 27.Rg1 Qd8 28.Rxg8+ Qxg8 29.Qg3 Qe8
30.Be3 Qh5 31.Be2 Qe8 32.Bd3 Qh5 33.Be2 Qe8 34.Bd3  1/2-1/2

[Event "21st World Seniors"]
[Site "Rijeka CRO"]
[Date "2011.11.15"]
[Round "1.20"]
[White "Trofimov,S1"]
[Black "Hvenekilde,J"]
[Result "1/2-1/2"]
[WhiteElo "2408"]
[BlackElo "2075"]

1.Nf3 d6 2.d4 g6 3.c4 Bg7 4.g3 Nf6 5.Bg2 O-O 6.O-O Nc6 7.Nc3 Bf5 8.Re1 Ne4
9.Nd5 Qd7 10.b3 e6 11.Ne3 Nc3 12.Qd2 Ne4 13.Qd1 Nc3 14.Qd2 Ne4  1/2-1/2

[Event "WYCC U18 Open"]
[Site "Caldas Novas BRA"]
[Date "2011.11.18"]
[Round "1"]
[White "Nagy,Ga1"]
[Black "Molina,PaS"]
[Result "1-0"]
[WhiteElo "2383"]
[BlackElo "2059"]

1.d4 Nf6 2.c4 g6 3.g3 Bg7 4.Bg2 O-O 5.Nf3 d6 6.O-O Nbd7 7.Nc3 e5 8.h3 c6
9.e4 a6 10.a4 exd4 11.Nxd4 Ne5 12.b3 c5 13.Nde2 Qc7 14.f4 Nc6 15.Be3 Nb4
16.Qd2 Rb8 17.Rad1 Ne8 18.f5 b6 19.Bh6 Bb7 20.Bxg7 Kxg7 21.Nf4 Rd8 22.g4 Kg8
23.g5 Qe7 24.h4 Qe5 25.Rde1 Nc7 26.Nfd5 Ncxd5 27.exd5 Qd4+ 28.Qxd4 cxd4 29.Ne4 Nc2
30.Nf6+ Kg7 31.Re7 Bc8 32.fxg6 hxg6 33.Be4 Ne3 34.h5 Nf5 35.Bxf5 gxf5 36.Rd1 Rh8
37.Rxd4 Rh6 38.Re8 Rh8 39.Rxh8 Rxh8 40.Rd2 Rd8 41.Re2 Kf8 42.h6 f4 43.Re8+ Rxe8
44.Nxe8 Bf5 45.Nxd6 Bc2 46.Nc8 b5 47.axb5 axb5 48.cxb5 Ke8 49.b6 Kd7 50.Ne7  1-0

[Event "WYCC U16 Open"]
[Site "Caldas Novas BRA"]
[Date "2011.11.19"]
[Round "2"]
[White "Mendonca,M"]
[Black "Gabuzyan,H"]
[Result "0-1"]
[WhiteElo "2188"]
[BlackElo "2393"]

1.d4 Nf6 2.Nf3 g6 3.c4 Bg7 4.g3 O-O 5.Bg2 d6 6.O-O c6 7.Nc3 Bg4 8.Qc2 Na6
9.e4 Qa5 10.h3 Bxf3 11.Bxf3 Nd7 12.Be3 c5 13.d5 Nc7 14.Be2 Rab8 15.a4 Na6
16.Qd2 Qb4 17.a5 b6 18.Nb5 Qxb2 19.Qxb2 Bxb2 20.Ra2 Bf6 21.axb6 Rxb6 22.f4 Rfb8
23.Bd2 R8b7 24.Bg4 Nb4 25.Rxa7 Rxa7 26.Nxa7 Bd4+ 27.Kh1 Nf6 28.Bf3 Nd3 29.Nb5 Nf2+
30.Kg2 N2xe4 31.Bc1 Nc3 32.Nxc3 Bxc3 33.Be2 Bb2 34.Be3 Rb3 35.Bg1 Bd4 36.Bxd4 cxd4
37.Rd1 Ne4 38.Rd3 Rb2 39.Kf1 Rc2 40.Ra3 Nc3 41.Bf3 d3  0-1

[Event "WYCC U18 Girls"]
[Site "Caldas Novas BRA"]
[Date "2011.11.20"]
[Round "3"]
[White "Hejazipour,M"]
[Black "Schulz,A2"]
[Result "1-0"]
[WhiteElo "2224"]
[BlackElo "2113"]

1.d4 Nf6 2.c4 g6 3.Nf3 Bg7 4.g3 O-O 5.Bg2 d6 6.O-O c5 7.d5 b5 8.cxb5 a6 9.bxa6 Bxa6
10.Nc3 Qb6 11.Rb1 Nbd7 12.b3 Ng4 13.Bd2 Bb7 14.a4 Ngf6 15.Ne1 Qa7 16.Nc2 Rac8
17.Na3 Qa8 18.e4 Ba6 19.Nab5 Ne8 20.Re1 c4 21.Bh3 Bxb5 22.Nxb5 f5 23.exf5 gxf5
24.Rxe7 Ne5 25.bxc4 Rxc4 26.Bb4 Qd8 27.Re6 f4 28.Bxd6 Nxd6 29.Nxd6 Rd4 30.Qh5 fxg3
31.hxg3 Rxd5 32.Bf5 h6 33.Rxh6 Rxf5 34.Nxf5 Nf7 35.Rg6  1-0

[Event "21st World Seniors Women"]
[Site "Rijeka CRO"]
[Date "2011.11.21"]
[Round "6.11"]
[White "Kierzek,Mi"]
[Black "Zaitseva,T"]
[Result "1-0"]
[WhiteElo "2023"]
[BlackElo "2183"]

1.d4 Nf6 2.c4 g6 3.Nf3 Bg7 4.g3 O-O 5.Bg2 d6 6.Nc3 Nc6 7.O-O Re8 8.d5 Nb4
9.a3 Na6 10.e4 Nc5 11.Qc2 b6 12.Rb1 a5 13.b4 axb4 14.axb4 Ncd7 15.h3 Ba6
16.Ne2 Nf8 17.Be3 h5 18.Rfe1 Qd7 19.Ned4 Bb7 20.b5 e5 21.Nc6 Bxc6 22.bxc6 Qe7
23.Nd2 Ra6 24.Bf1 Rea8 25.c5 Ra2 26.cxd6 Qxd6 27.Qc1 Ne8 28.Bg2 Nh7 29.Nc4 Qd8
30.Rd1 Nd6 31.Bd2 Qf6 32.Be3 Bh6 33.Nxd6 Bxe3 34.Qxe3 Qxd6 35.Rd2 R2a3 36.Qe2 Nf6
37.Kh2 Ne8 38.Rf1 Kg7 39.f4 Ra1 40.Qf2 Rxf1 41.Qxf1 Ra3 42.Rf2 f6 43.Qe2 Qe7
44.f5 Nd6 45.fxg6 Kxg6 46.Bf3 Qh7 47.Bxh5+ Qxh5 48.Rxf6+ Kg5 49.h4+ Qxh4+
50.gxh4+ Kxf6 51.Qf2+ Ke7 52.Qg2 Nf7 53.Qg6 Ra7 54.Qe6+ Kf8 55.Qc8+  1-0

[Event "25th Belgrade Trophy"]
[Site "Obrenovac SRB"]
[Date "2011.11.24"]
[Round "1.10"]
[White "Blagojevic,Dr"]
[Black "Dimic,P"]
[Result "1-0"]
[WhiteElo "2514"]
[BlackElo "2034"]

1.d4 Nf6 2.c4 g6 3.Nf3 Bg7 4.g3 O-O 5.Bg2 d6 6.O-O c6 7.Nc3 Qb6 8.c5 dxc5
9.Na4 Qb5 10.Nxc5 Na6 11.a4 Qb6 12.a5 Qb5 13.Nxa6 Qxa6 14.Re1 Rd8 15.e4 c5
16.e5 Ne8 17.Qa4 b5 18.axb6 axb6 19.Qxa6 Rxa6 20.Rxa6 Bxa6 21.dxc5 bxc5 22.Be3 c4
23.Nd4 Rb8 24.Nc6 Rxb2 25.Nxe7+ Kh8 26.Ra1 Nc7 27.Nd5 Nxd5 28.Bxd5  1-0

[Event "Femida Cup Men"]
[Site "Kharkiv UKR"]
[Date "2011.11.25"]
[Round "6"]
[White "Baryshpolets,A"]
[Black "Belyakov,B"]
[Result "1-0"]
[WhiteElo "2477"]
[BlackElo "2394"]

1.d4 Nf6 2.c4 g6 3.Nf3 Bg7 4.g3 O-O 5.Bg2 d6 6.O-O a6 7.Nc3 Nc6 8.d5 Na5
9.Nd2 c5 10.Qc2 Rb8 11.b3 b5 12.Bb2 e5 13.Rae1 Nh5 14.e3 Bf5 15.Nce4 Bxe4
16.Bxe4 f5 17.Bg2 Nf6 18.Bc3 e4 19.f3 exf3 20.Bxf3 Nd7 21.e4 Ne5 22.Bg2 fxe4
23.Rxf8+ Kxf8 24.Qxe4 Kg8 25.Bh3 b4 26.Be6+ Kh8 27.Bxe5 Bxe5 28.Rf1 Bc3 29.Qd3 Qg5
30.Ne4 Qe5 31.Kg2 Bd4 32.Rf7 Ba1 33.Qf3 h5 34.Rf8+ Rxf8 35.Qxf8+ Kh7 36.Bg8+  1-0

[Event "25th Belgrade Trophy"]
[Site "Obrenovac SRB"]
[Date "2011.11.25"]
[Round "2.11"]
[White "Miron,L"]
[Black "Devetak,D"]
[Result "1-0"]
[WhiteElo "2513"]
[BlackElo "2185"]

1.d4 Nf6 2.c4 g6 3.Nf3 Bg7 4.g3 O-O 5.Bg2 d6 6.Nc3 c6 7.O-O Nbd7 8.e4 Qc7
9.Re1 e5 10.h3 Re8 11.Be3 h6 12.Qc2 b6 13.Rac1 Ba6 14.b3 Rac8 15.Qb1 Qb8
16.d5 c5 17.Rf1 b5 18.cxb5 Bxb5 19.Nxb5 Qxb5 20.Rfe1 Nb6 21.Bf1 Qd7 22.Kh2 Nh5
23.b4 Rb8 24.a3 Kh7 25.Be2 a5 26.bxc5 Nxd5 27.c6 Qc7 28.Bb5 Nxe3 29.Rxe3 Nf6
30.a4 d5 31.exd5 Nxd5 32.Rd3 Nf6 33.Nd2 Red8 34.Nc4 e4 35.Rxd8 Rxd8 36.Qc2 Bf8
37.Qc3 Bg7 38.Qxa5 Qc8 39.c7 Qf5 40.Qe1 Rf8 41.Nd6 Qh5 42.Be2  1-0

[Event "25th Belgrade Trophy"]
[Site "Obrenovac SRB"]
[Date "2011.11.26"]
[Round "3.3"]
[White "Anton,T"]
[Black "Spasov,V"]
[Result "1/2-1/2"]
[WhiteElo "2380"]
[BlackElo "2583"]

1.d4 Nf6 2.c4 g6 3.Nf3 Bg7 4.g3 O-O 5.Bg2 d6 6.O-O Nbd7 7.Nc3 e5 8.e4 exd4
9.Nxd4 Re8 10.h3 Nc5 11.Re1 Bd7 12.Bf4 h6 13.Qc2 Nfxe4 14.Nxe4 Bxd4 15.Qd2 Rxe4
16.Rxe4 Nxe4 17.Qxd4 Ng5 18.Bd2 Bc6 19.Bc3 f6 20.h4 Nh7 21.Re1 Qd7 22.Bd5+ Kg7
23.Qe3 Bxd5 24.cxd5 Rf8 25.Qxa7 b6 26.Bd4 g5 27.Re6 Rf7 28.Qa6 Nf8  1/2-1/2

[Event "TCh-HUN 2011-12"]
[Site "Budapest HUN"]
[Date "2011.11.27"]
[Round "4"]
[White "Seres,L"]
[Black "Saric,S"]
[Result "1-0"]
[WhiteElo "2461"]
[BlackElo "2473"]

1.d4 Nf6 2.Nf3 g6 3.c4 Bg7 4.g3 O-O 5.Bg2 d6 6.Nc3 Na6 7.O-O c5 8.b3 d5 9.cxd5 Nxd5
10.Nxd5 Qxd5 11.Bb2 Rd8 12.Qc1 cxd4 13.Rd1 Qa5 14.Bxd4 e5 15.Qc3 Qxc3 16.Bxc3 Re8
17.Ng5 Nc7 18.Rac1 h6 19.Ne4 Nb5 20.Bb2 Nd4 21.Bxd4 exd4 22.Nd6 Rd8 23.Bxb7 Bxb7
24.Nxb7 Rd7 25.Na5 Re8 26.Kf1 Rd5 27.Nc6 Kf8 28.e3 Rc8 29.exd4 Bxd4 30.Rc4 Rc5
31.Nxd4 Rxc4 32.bxc4 Rxc4 33.Ke2 Ke7 34.Kd3 Ra4 35.Rd2 Kd6 36.Kc3 Kd5 37.Nf5+ Kc5
38.Nxh6 Ra3+ 39.Kb2 Rf3 40.Ng4 f6 41.h4 a5 42.Ne3 Kb4 43.Rc2 a4 44.Kc1 Ka3
45.Kd1  1-0

[Event "TCh-CZE Liga 1 Zapad"]
[Site "Czech Rep CZE"]
[Date "2011.11.27"]
[Round "4.5"]
[White "Rosko,L"]
[Black "Suran,J"]
[Result "1-0"]
[WhiteElo "2322"]
[BlackElo "2360"]

1.d4 Nf6 2.c4 g6 3.Nf3 Bg7 4.g3 O-O 5.Bg2 d6 6.O-O c6 7.Nc3 Bf5 8.Re1 Ne4
9.Nxe4 Bxe4 10.Bh3 Bxf3 11.exf3 e6 12.Rb1 d5 13.c5 Na6 14.Bf4 Re8 15.Bd6 Qf6
16.Be5 Qe7 17.f4 Nc7 18.Qd2 Nb5 19.a4 Bxe5 20.fxe5 Nc7 21.b4 a6 22.Bf1 f5
23.exf6 Qxf6 24.Re5 Re7 25.Rbe1 Ne8 26.Bh3 Ng7 27.Qe3 Rae8 28.Bg4 Rf7 29.Re2 Rfe7
30.Kg2 Kf7 31.Ra2 Nf5 32.Qd2 Kg7 33.Bxf5 exf5 34.f4 Ra8 35.Rb2 h6 36.h4 Rxe5
37.fxe5 Qe6 38.Qf4 Qd7 39.Re2 Qe6 40.Rf2 Rf8 41.Rb2 Qd7 42.Kh2 Rf7 43.Rb3 Rf8
44.Re3 Qe6 45.Kg1 Rf7 46.Kf2 Rf8 47.Ke1 Rf7 48.Kd2 Rf8 49.Kc1 Rf7 50.Kb2 Rf8
51.Rb3 Qd7 52.b5 axb5 53.axb5 Rf7 54.Ra3 cxb5 55.Rb3 b6 56.cxb6 Qc6 57.e6 Qxe6
58.Qe5+ Qxe5 59.dxe5 Rb7 60.Rxb5 Kf7 61.Kc3 Ke6 62.Kd4 g5 63.h5 f4 64.gxf4 gxf4
65.Rb3 Rb8 66.b7 f3 67.Rb6+ Kd7 68.Kxd5 f2 69.Rf6 Rxb7 70.Rf7+ Ke8 71.Rxf2 Rd7+
72.Ke6 Re7+ 73.Kd6 Rd7+ 74.Ke6 Re7+ 75.Kd5 Rd7+ 76.Ke4 Rd1 77.Rf6 Rh1 78.Rxh6 Kf7
79.Rf6+ Ke7 80.h6 Rh5 81.Ra6 Kf7 82.Kd5 Rh1 83.Ra7+ Kg8 84.h7+ Kh8 85.Ra2 Kxh7
86.Rg2 Rd1+ 87.Kc6 Rc1+ 88.Kd7 Rd1+ 89.Ke7 Rd3 90.e6 Rd1 91.Ke8 Kh6 92.e7 Kh5
93.Rg8 Kh6 94.Kf7 Rf1+ 95.Ke6 Re1+ 96.Kd6  1-0

[Event "Egyptian Open 2011"]
[Site "Cairo EGY"]
[Date "2011.11.28"]
[Round "9"]
[White "Ragheb,M"]
[Black "Hassan,Say"]
[Result "0-1"]
[WhiteElo "2338"]
[BlackElo "2377"]

1.d4 Nf6 2.Nf3 d6 3.c4 g6 4.g3 Bg7 5.Bg2 O-O 6.O-O c6 7.Nc3 Qa5 8.e4 Bg4
9.Re1 e5 10.d5 cxd5 11.cxd5 b5 12.Qb3 Bd7  0-1

[Event "25th Belgrade Trophy"]
[Site "Obrenovac SRB"]
[Date "2011.11.29"]
[Round "6.7"]
[White "Tosic,M"]
[Black "Neverov,V"]
[Result "0-1"]
[WhiteElo "2444"]
[BlackElo "2537"]

1.d4 Nf6 2.c4 g6 3.Nf3 Bg7 4.g3 O-O 5.Bg2 d6 6.Nc3 Nc6 7.O-O Bf5 8.b3 Ne4
9.Bb2 Nxc3 10.Bxc3 Be4 11.Qd2 d5 12.Rfd1 a5 13.Rac1 e6 14.e3 Qe7 15.Ne1 Bxg2
16.Nxg2 Rfd8 17.Qe2 a4 18.b4  0-1

[Event "Vizag GM Open"]
[Site "Visakhapatnam IND"]
[Date "2011.11.29"]
[Round "9"]
[White "Krishna,CRG"]
[Black "Petrosian,TL"]
[Result "0-1"]
[WhiteElo "2305"]
[BlackElo "2636"]

1.d4 Nf6 2.Nf3 g6 3.c4 Bg7 4.g3 O-O 5.Bg2 d6 6.O-O Nc6 7.d5 Na5 8.Nfd2 c5
9.Qc2 a6 10.Nc3 Rb8 11.b3 b5 12.Bb2 Bf5 13.e4 Bd7 14.Rab1 e5 15.Ne2 bxc4
16.bxc4 Rb4 17.a3 Ba4 18.Qd3 Rb8 19.Bc3 Qc7 20.f4 Nd7 21.Bh3 Rxb1 22.Rxb1 Rb8
23.Rxb8+ Nxb8 24.fxe5 dxe5 25.d6 Qd8 26.Bxa5 Qxa5 27.Nc3 Bd7 28.Bxd7 Nxd7
29.Nd5 Bf8 30.Ne7+ Kg7 31.Nf3 Qd8 32.Nc6 Qf6 33.Ncxe5 Nxe5 34.Nxe5 Qxe5 35.d7 Be7
36.d8=Q Bxd8 37.Qxd8 Qxe4 38.Qc7 Qd4+ 39.Kg2 h5  0-1

[Event "25th Belgrade Trophy"]
[Site "Obrenovac SRB"]
[Date "2011.11.30"]
[Round "7.6"]
[White "Indjic,A"]
[Black "Spasov,V"]
[Result "1/2-1/2"]
[WhiteElo "2411"]
[BlackElo "2583"]

1.d4 Nf6 2.c4 g6 3.Nf3 Bg7 4.g3 O-O 5.Bg2 d6 6.O-O Nbd7 7.Nc3 e5 8.e4 exd4
9.Nxd4 Re8 10.Be3 Nc5  1/2-1/2

[Event "TCh-BEL 2011-12"]
[Site "Gent BEL"]
[Date "2011.12.04"]
[Round "5.5"]
[White "Bajraktari,S"]
[Black "Braun,Christi2"]
[Result "1/2-1/2"]
[WhiteElo "1862"]
[BlackElo "2392"]

1.d4 Nf6 2.c4 g6 3.g3 Bg7 4.Bg2 O-O 5.Nf3 d6 6.O-O c6 7.Nc3 Qa5 8.Bd2 Qh5
9.Qc1 Bh3 10.Bg5 Nbd7 11.Qf4 h6 12.Bxh3 hxg5 13.Nxg5 Bh6 14.Nce4 Nxe4 15.Bxd7 Nxg5
16.Kg2 Ne6 17.Qe4 d5 18.cxd5 cxd5 19.Qd3 Qg4 20.Bxe6 Qxe6 21.f4 Bg7 22.f5 gxf5
23.Rxf5 Qe4+ 24.Qxe4 dxe4 25.e3 Rac8 26.Re1 Rc2+ 27.Rf2 Rfc8 28.Ree2 Rxe2
29.Rxe2 e6 30.g4 Kh7 31.Kg3 Kg6 32.h4 f5 33.Kf4 Re8 34.h5+ Kf6 35.g5+ Kf7
36.Rc2 Bf8 37.Rc7+ Re7 38.Rc8 Re8 39.g6+ Ke7 40.Rxe8+ Kxe8 41.Kg5 Bg7 42.h6 Kf8
43.hxg7+ Kxg7 44.d5 exd5 45.Kxf5 d4 46.Kxe4 dxe3 47.Kxe3 Kxg6 48.Kd4 Kf6
49.Kd5 Ke7 50.a4 Kd7 51.b4 Kc7 52.Kc5 b6+ 53.Kb5 Kb7 54.a5 a6+ 55.Kc4 Kc6
56.axb6 Kxb6 57.Kb3 a5 58.bxa5+ Kxa5  1/2-1/2

[Event "2nd JAHV McGregor Open"]
[Site "Bogota COL"]
[Date "2011.12.09"]
[Round "7"]
[White "Narvaez,F"]
[Black "Rios,Cr"]
[Result "0-1"]
[WhiteElo "2165"]
[BlackElo "2388"]

1.d4 Nf6 2.Nf3 g6 3.g3 Bg7 4.Bg2 O-O 5.c4 d6 6.O-O Nc6 7.d5 Na5 8.Nfd2 c5
9.Nc3 e5 10.b3 a6 11.Bb2 Bd7 12.Qc2 b5 13.h3 Nh5 14.Kh2 f5 15.e4 f4 16.g4 f3
17.Nxf3 Nf4 18.cxb5 Qf6 19.Qd1 axb5 20.Bc1 Nxb3 21.Qxb3 Nxg2 22.Ng1 Nf4 23.Nce2 Bxg4
24.Bxf4 Bxe2 25.Nxe2 exf4 26.Qxb5 Qxa1 27.Rxa1 Bxa1 28.a4 Rab8 29.Qd3 Be5
30.h4 f3+ 31.Ng3 Rb2 32.Qf1 c4 33.Kh3 c3 34.h5 c2 35.Qc4 Bf4  0-1

[Event "TCh-CZE Liga 1 Zapad"]
[Site "Czech Rep CZE"]
[Date "2011.12.11"]
[Round "5.7"]
[White "Vecerka,P"]
[Black "Pirklova,H"]
[Result "1/2-1/2"]
[WhiteElo "2091"]
[BlackElo "2107"]

1.d4 Nf6 2.Nf3 g6 3.c4 Bg7 4.g3 O-O 5.Bg2 d6 6.Nc3 c6 7.O-O Qa5 8.Bg5 h6
9.Bxf6 Bxf6 10.Qd2 Bg7 11.Rac1 Qh5 12.Rfd1 Bh3 13.Qf4 g5 14.Qe3 Re8 15.b4 Nd7
16.Ne1 Nf6 17.Bxh3 Qxh3 18.Qf3 Rad8 19.b5 Ng4 20.Qg2 Qxg2+ 21.Kxg2 c5 22.dxc5 dxc5
23.Nf3 Rxd1 24.Nxd1 Rd8 25.h3 Ne5 26.Ne3 e6 27.Nxe5 Bxe5 28.Rd1 Rxd1 29.Nxd1 Kf8  1/2-1/2

[Event "IV Amitan Mem GM"]
[Site "Donetsk UKR"]
[Date "2011.12.11"]
[Round "6"]
[White "Sivuk,V"]
[Black "Polivanov,A"]
[Result "1-0"]
[WhiteElo "2432"]
[BlackElo "2435"]

1.c4 Nf6 2.Nf3 d6 3.d4 g6 4.g3 Bg7 5.Bg2 O-O 6.O-O Nbd7 7.Nc3 e5 8.e4 exd4
9.Nxd4 Re8 10.h3 a6 11.b3 Rb8 12.Rb1 Ne5 13.f4 Ned7 14.Bb2 c6 15.Nde2 b5
16.Qxd6 b4 17.e5 bxc3 18.Bxc3 Nh5 19.Rbd1 Bf8 20.Qd2 Qe7 21.g4 Ng7 22.f5 Qh4
23.e6 Nxe6 24.fxe6 Rxe6 25.Nf4 Rd6 26.Nd5 Bh6 27.Qe2 Re6 28.Qf3  1-0

[Event "3rd Balkan GP Individual"]
[Site "Podgorica MNE"]
[Date "2011.12.13"]
[Round "7"]
[White "Miron,L"]
[Black "Pancevski,F"]
[Result "0-1"]
[WhiteElo "2513"]
[BlackElo "2442"]

1.d4 Nf6 2.c4 g6 3.Nf3 d6 4.g3 Bg7 5.Bg2 O-O 6.O-O Nbd7 7.Nc3 e5 8.e4 c6
9.Re1 Qa5 10.h3 exd4 11.Nxd4 Ne5 12.Bf1 Re8 13.Kg2 h5 14.f3 a6 15.Be3 Qc7
16.Qc2 Qd7 17.Kf2 h4 18.g4 d5 19.cxd5 Qd6 20.Kg2 cxd5 21.Bf2 dxe4 22.Nxe4 Nxe4
23.Qxe4 Bd7 24.Qf4 Qb4 25.a3 Qxb2 26.Rab1 Qxa3 27.Rxb7 Qa4 28.Re4 Qa2 29.Rb6 a5
30.Ba6 a4 31.Re2 Qa1 32.Qd2 Rab8 33.Rxb8 Rxb8 34.f4 Nxg4 35.hxg4 Bxg4 36.Re1 Qa3
37.Be2 Rb2 38.Nc2 Qh3+ 39.Kg1 Bxe2 40.Qxe2 Qf5 41.Qe8+ Kh7 42.Qxa4 Rxc2 43.Qe4 Qg4+
44.Kf1 Rb2 45.Re3 Bh6 46.Qd5 Rb1+ 47.Be1 Kg8 48.Re8+ Bf8 49.Qe4 Qh3+ 50.Kg1 Qg3+
51.Kf1 h3 52.f5 Rxe1+  0-1